[Event "Jiraskuv memorial - GM"]
[Site "Rakovnik"]
[Date "2011.08.06"]
[Round "1.1"]
[White "Sergeev, Vladimir"]
[Black "Cech, Pavel"]
[Result "1-0"]
[WhiteElo "2522"]
[BlackElo "2377"]
[PlyCount "105"]
[EventDate "2011.08.??"]
[EventType "tourn"]
[EventRounds "9"]
[EventCountry "CZE"]
[SourceDate "2011.08.07"]

1. c4 Nf6 2. Nc3 c6 3. e4 e5 4. Nf3 d6 5. d4 Nbd7 6. Be2 Be7 7. O-O O-O 8. Qc2
Qc7 9. Be3 a6 10. Rac1 b6 11. Rfd1 Bb7 12. b4 Rfe8 13. d5 c5 14. a3 g6 15. Nd2
h5 16. Nb3 Nh7 17. Qd2 Qd8 18. Rb1 Bc8 19. Na4 Bg5 20. bxc5 Bxe3 21. Qxe3 bxc5
22. Qc3 Ng5 23. f3 f5 24. Nd2 h4 25. Rb3 Ra7 26. Rdb1 Nf6 27. Rb8 Nd7 28. R8b3
Nf6 29. Rb8 Nd7 30. R8b2 Nf6 31. Nb6 fxe4 32. Nxc8 Qxc8 33. Qe3 Qf5 34. fxe4
Qf4 35. Qd3 Ng4 36. Bxg4 Qxg4 37. h3 Qd7 38. Nf3 Nxf3+ 39. Qxf3 Kg7 40. Rf1 Qe7
41. Rb6 a5 42. a4 Qd8 43. Rb5 Qg5 44. Kh1 Qe7 45. Rb6 Qd8 46. Rb5 Qe7 47. Qg4
Kh6 48. Rb3 Kg7 49. Rf5 Kh6 50. Rbf3 Rg8 51. Rf6 Rb7 52. R3f5 Kh7 53. Rh5+ 1-0

[Event "Jiraskuv memorial - GM"]
[Site "Rakovnik"]
[Date "2011.08.06"]
[Round "1.3"]
[White "Pacher, Milan"]
[Black "Cernousek, Lukas"]
[Result "0-1"]
[WhiteElo "2408"]
[BlackElo "2424"]
[PlyCount "74"]
[EventDate "2011.08.??"]
[EventType "tourn"]
[EventRounds "9"]
[EventCountry "CZE"]
[SourceDate "2011.08.07"]

1. Nf3 Nf6 2. c4 g6 3. Nc3 d5 4. Qa4+ Bd7 5. Qb3 dxc4 6. Qxc4 a6 7. d4 b5 8.
Qb3 c5 9. dxc5 Bg7 10. Bf4 Qa5 11. a3 O-O 12. O-O-O Be6 13. Qb4 Qxb4 14. axb4
a5 15. Nxb5 axb4 16. Kd2 Rd8+ 17. Nfd4 Bb3 18. Rc1 Nc6 19. e3 e5 20. Bxe5 Nxe5
21. c6 Nxc6 22. Rxc6 Ne4+ 23. Ke2 Bd5 24. Rc2 b3 25. Rc1 Ra2 26. Rb1 Rc8 27. f3
Bxd4 28. exd4 Rc2+ 29. Ke3 Nd2 30. Rd1 Nxf1+ 31. Rhxf1 Raxb2 32. Rg1 g5 33. h4
Bc4 34. d5 Bxb5 35. hxg5 Re2+ 36. Kd4 Rbc2 37. d6 b2 0-1

[Event "Jiraskuv memorial - GM"]
[Site "Rakovnik"]
[Date "2011.08.06"]
[Round "1.4"]
[White "Palek, Miroslav"]
[Black "Wasserbauer, Radek"]
[Result "1-0"]
[WhiteElo "2211"]
[BlackElo "2145"]
[PlyCount "105"]
[EventDate "2011.08.??"]
[EventType "tourn"]
[EventRounds "9"]
[EventCountry "CZE"]
[SourceDate "2011.08.07"]

1. e4 e5 2. Nf3 d6 3. d4 Nf6 4. dxe5 Nxe4 5. Qd5 f5 6. Bc4 Qe7 7. O-O c6 8.
exd6 Qf6 9. Qd3 Nd7 10. Nbd2 Ndc5 11. Qe3 Bxd6 12. Bd3 O-O 13. Bxe4 fxe4 14.
Nxe4 Nxe4 15. Qxe4 Bf5 16. Qc4+ Be6 17. Qd4 Bd5 18. Qxf6 Rxf6 19. Nd4 c5 20.
Ne2 Be4 21. c3 Raf8 22. Be3 Bd3 23. Rfe1 b6 24. Rad1 Bb5 25. Rd2 Rg6 26. Red1
Be5 27. g3 a5 28. Nc1 Bc7 29. Nd3 h5 30. Ne1 h4 31. Ng2 hxg3 32. fxg3 Bc6 33.
Rf1 Rxf1+ 34. Kxf1 Re6 35. Bf4 Bxg2+ 36. Kxg2 Bxf4 37. gxf4 Kf7 38. Kf3 Kf6 39.
Kg4 g6 40. a4 Ke7 41. Kg5 Re4 42. b3 Re6 43. Rd5 Kf7 44. Rd7+ Kf8 45. Rb7 Rd6
46. c4 Ke8 47. h4 Re6 48. h5 gxh5 49. Kxh5 Kf8 50. Kg5 Kg8 51. Kf5 Rh6 52. Ke5
Kf8 53. f5 1-0

[Event "Jiraskuv memorial - GM"]
[Site "Rakovnik"]
[Date "2011.08.06"]
[Round "1.5"]
[White "Vojta, Tomas"]
[Black "Cyborowski, Lukasz"]
[Result "0-1"]
[WhiteElo "2368"]
[BlackElo "2537"]
[PlyCount "62"]
[EventDate "2011.08.??"]
[EventType "tourn"]
[EventRounds "9"]
[EventCountry "CZE"]
[SourceDate "2011.08.07"]

1. e4 c6 2. d4 d5 3. exd5 cxd5 4. Bd3 Nc6 5. c3 Qc7 6. Ne2 e6 7. Bf4 Bd6 8.
Bxd6 Qxd6 9. O-O Bd7 10. f4 Nge7 11. Ng3 g6 12. Nd2 O-O 13. Qg4 f6 14. Qh4 Rae8
15. Rae1 Na5 16. Re3 b5 17. Rfe1 Nc4 18. Nxc4 bxc4 19. Bc2 Rf7 20. Qh6 a5 21.
Nh5 Kh8 22. Ng3 a4 23. Ne2 Rb8 24. f5 Ng8 25. Qh4 exf5 26. Rh3 g5 27. Qh5 Re7
28. Ng3 Rxe1+ 29. Kf2 Re7 30. Nxf5 Bxf5 31. Bxf5 Qf4+ 0-1

[Event "Jiraskuv memorial - GM"]
[Site "Rakovnik"]
[Date "2011.08.07"]
[Round "2.1"]
[White "Cech, Pavel"]
[Black "Cyborowski, Lukasz"]
[Result "0-1"]
[WhiteElo "2377"]
[BlackElo "2537"]
[PlyCount "147"]
[EventDate "2011.08.??"]
[EventType "tourn"]
[EventRounds "9"]
[EventCountry "CZE"]
[SourceDate "2011.08.07"]

1. d4 Nf6 2. c4 g6 3. Nc3 Bg7 4. g3 O-O 5. Bg2 c5 6. d5 d6 7. Nh3 Na6 8. O-O
Nc7 9. Nf4 a6 10. a4 b6 11. Rb1 b5 12. axb5 axb5 13. b4 cxb4 14. Nxb5 Nxb5 15.
cxb5 Qa5 16. Bd2 Qxb5 17. Rxb4 Qa6 18. Bc3 Bd7 19. Qb3 Rfc8 20. Bd4 Bf5 21. h3
g5 22. Nd3 Qa2 23. Qxa2 Rxa2 24. Nc1 Rac2 25. Be3 h6 26. Rb7 Kf8 27. Nb3 Ne8
28. g4 Bg6 29. Bf3 Rb2 30. Bc1 Ra2 31. Be3 Ra4 32. Rd1 Bc2 33. Rc1 Bb2 34. Rf1
Be5 35. h4 Nf6 36. hxg5 Nxg4 37. gxh6 Nxe3 38. fxe3 Rh4 39. Nd4 Bg6 40. Nc6 Bf6
41. Kg2 Rxh6 42. Rh1 Rxh1 43. Kxh1 Ra8 44. Rb8+ Rxb8 45. Nxb8 Kg7 46. Nc6 Kh6
47. Kg2 Kg5 48. Kg3 Bf5 49. Bg2 Bc2 50. Kf3 Kh4 51. e4 Ba4 52. e3 Bd1+ 53. Kf2
Kg4 54. Nd8 Bh4+ 55. Kf1 f5 56. exf5 Kxf5 57. Nc6 Kg4 58. Nd4 Bf6 59. Ke1 Ba4
60. Ne2 Bc2 61. Kd2 Bb1 62. Nc3 Bg6 63. Ne2 Be5 64. Bh1 Bb2 65. Nf4 Bf5 66. Nd3
Bg7 67. Bg2 Kg3 68. Bh1 Bh6 69. Nb4 Bg5 70. Ke2 Bg4+ 71. Kd3 Kf2 72. Nc6 Bh5
73. Be4 Be2+ 74. Kd4 0-1

[Event "Jiraskuv memorial - GM"]
[Site "Rakovnik"]
[Date "2011.08.07"]
[Round "2.2"]
[White "Wasserbauer, Radek"]
[Black "Vojta, Tomas"]
[Result "0-1"]
[WhiteElo "2145"]
[BlackElo "2368"]
[PlyCount "132"]
[EventDate "2011.08.??"]
[EventType "tourn"]
[EventRounds "9"]
[EventCountry "CZE"]
[SourceDate "2011.08.07"]

1. e4 c5 2. c3 d6 3. d4 Qc7 4. Nf3 a6 5. Bf4 Nd7 6. Nbd2 b6 7. Bd3 Bb7 8. O-O
e6 9. Bg3 Ne7 10. e5 d5 11. Ng5 h6 12. Qh5 g6 13. Qh4 Rg8 14. Nh7 Nf5 15. Bxf5
gxf5 16. Nxf8 Nxf8 17. Qxh6 Ng6 18. Qe3 O-O-O 19. f4 Kb8 20. Nf3 Rd7 21. Bh4
Nxh4 22. Nxh4 a5 23. Nf3 Rc8 24. Rfc1 Ba6 25. b4 Bc4 26. bxc5 bxc5 27. Nd2 cxd4
28. cxd4 Qa7 29. Rab1+ Rb7 30. Rxb7+ Kxb7 31. Nxc4 Rxc4 32. Rxc4 dxc4 33. Qf3+
Kc7 34. Qc3 Qa6 35. Kf2 Qb5 36. Qa3 Kd7 37. h4 Ke8 38. h5 Qb4 39. Qf3 Qd2+ 40.
Kg3 c3 41. h6 Qe1+ 42. Qf2 Qxf2+ 43. Kxf2 c2 44. h7 c1=Q 45. h8=Q+ Kd7 46. Qf8
Qxf4+ 47. Ke1 Qe3+ 48. Kf1 Qc1+ 49. Ke2 Qc2+ 50. Ke1 Qb1+ 51. Kd2 Qxa2+ 52. Kc3
Qa1+ 53. Kc4 Qa4+ 54. Kc3 Qc6+ 55. Kd3 Qe4+ 56. Kc3 Qc6+ 57. Kd3 Qa6+ 58. Kc3
Kc6 59. Qc5+ Kd7 60. Qf8 Kc6 61. Qc5+ Kb7 62. Qe7+ Kb8 63. Qxf7 Qc6+ 64. Kb3
Qb7+ 65. Qxb7+ Kxb7 66. Ka4 Kc6 0-1

[Event "Jiraskuv memorial - GM"]
[Site "Rakovnik"]
[Date "2011.08.07"]
[Round "3.1"]
[White "Neuman, Petr"]
[Black "Cech, Pavel"]
[Result "1-0"]
[WhiteElo "2454"]
[BlackElo "2377"]
[PlyCount "131"]
[EventDate "2011.08.??"]
[EventType "tourn"]
[EventRounds "9"]
[EventCountry "CZE"]
[SourceDate "2011.08.07"]

1. d4 d5 2. c4 c6 3. e3 Nf6 4. Nc3 g6 5. Nf3 Bg7 6. Be2 O-O 7. O-O dxc4 8. Bxc4
Bg4 9. h3 Bxf3 10. Qxf3 Nbd7 11. Rd1 e5 12. d5 e4 13. Nxe4 Nxe4 14. Qxe4 Nb6
15. Rb1 Re8 16. Qc2 cxd5 17. Bb5 Re6 18. Qb3 Qh4 19. Bd2 d4 20. Bf1 dxe3 21.
Bxe3 Qa4 22. Qxa4 Nxa4 23. Rd7 Nb6 24. Rxb7 Bf6 25. b3 Re7 26. Rxe7 Bxe7 27. g3
Rd8 28. Bg2 Ba3 29. Kf1 Rc8 30. Rd1 Kf8 31. Ke2 Ke7 32. Rd3 Rc2+ 33. Rd2 Rc8
34. g4 Bb4 35. Rd4 Bc5 36. Re4+ Kd7 37. Bd2 f6 38. a4 Nd5 39. Rc4 Nb6 40. Rc2
Re8+ 41. Be3 Kd6 42. Kd3 Nd7 43. Bxc5+ Nxc5+ 44. Kc3 Rc8 45. Rd2+ Ke7 46. Kb4
a5+ 47. Ka3 Rb8 48. Bd5 Na6 49. Bc4 Nb4 50. Re2+ Kd7 51. Kb2 Rb6 52. Bb5+ Kd6
53. Re8 Kc5 54. Rc8+ Kd4 55. Ra8 Ke4 56. Rxa5 Kf3 57. Ra7 h6 58. Rh7 Kxf2 59.
Rxh6 g5 60. Bc4 Ke3 61. Rh7 Rd6 62. Re7+ Kd2 63. Re2+ Kd1 64. Rf2 Ke1 65. Rf1+
Kd2 66. a5 1-0

[Event "Jiraskuv memorial - GM"]
[Site "Rakovnik"]
[Date "2011.08.07"]
[Round "3.2"]
[White "Pacher, Milan"]
[Black "Sergeev, Vladimir"]
[Result "1-0"]
[WhiteElo "2408"]
[BlackElo "2522"]
[PlyCount "95"]
[EventDate "2011.08.??"]
[EventType "tourn"]
[EventRounds "9"]
[EventCountry "CZE"]
[SourceDate "2011.08.07"]

1. e4 Nf6 2. e5 Nd5 3. d4 d6 4. Nf3 c6 5. c4 Nc7 6. Nc3 dxe5 7. Nxe5 Nd7 8. Be3
g6 9. f4 Bg7 10. Qf3 Nxe5 11. dxe5 Be6 12. Be2 O-O 13. O-O Qc8 14. Bc5 Re8 15.
g4 b6 16. Be3 Bd7 17. Rad1 f5 18. gxf5 gxf5 19. Kh1 e6 20. Rg1 Re7 21. Bf2 c5
22. Bh4 Rf7 23. Qg2 Ne8 24. Bh5 Bc6 25. Nd5 Rb7 26. Bf6 b5 27. Bxe8 Bxe8 28.
Ne7+ Rxe7 29. Bxe7 Bg6 30. Rd8+ Qxd8 31. Bxd8 Rxd8 32. h4 Rd7 33. Qc6 Re7 34.
Qxc5 Bf8 35. Qxb5 Kf7 36. c5 Bh5 37. Kg2 a6 38. Qa5 Be2 39. c6 Re8 40. c7 Be7
41. Rc1 Rg8+ 42. Kf2 Bb5 43. c8=Q Bxh4+ 44. Ke3 Rg3+ 45. Kd4 Rd3+ 46. Kc5 Bf2+
47. Kb4 Rd4+ 48. Ka3 1-0

[Event "Jiraskuv memorial - GM"]
[Site "Rakovnik"]
[Date "2011.08.07"]
[Round "3.3"]
[White "Palek, Miroslav"]
[Black "Cvek, Robert"]
[Result "1/2-1/2"]
[WhiteElo "2211"]
[BlackElo "2506"]
[PlyCount "223"]
[EventDate "2011.08.??"]
[EventType "tourn"]
[EventRounds "9"]
[EventCountry "CZE"]
[SourceDate "2011.08.07"]

1. e4 c5 2. Nf3 e6 3. d4 cxd4 4. Nxd4 Nc6 5. c4 Nf6 6. Nc3 Bb4 7. Nxc6 dxc6 8.
Qxd8+ Kxd8 9. Bd2 e5 10. O-O-O Bd7 11. f3 Bc5 12. g3 Ke7 13. Ne2 Be6 14. b3
Rhd8 15. Bg2 a5 16. Bc3 Rxd1+ 17. Rxd1 Nd7 18. Kb2 b5 19. cxb5 cxb5 20. Kb1 a4
21. bxa4 Rxa4 22. Nc1 f6 23. Bf1 Ra3 24. Nb3 Bxb3 25. axb3 b4 26. Bb2 Rxb3 27.
Rd3 Rxd3 28. Bxd3 Bg1 29. h3 Be3 30. Kc2 Nc5 31. Bc4 h5 32. g4 h4 33. Bd5 g6
34. Bc4 Kf8 35. Kd1 Kg7 36. Ke2 Bg5 37. Bb5 Kf7 38. Bc4+ Ke7 39. Kd1 Kd6 40.
Kc2 Kc7 41. Bf7 Kb6 42. Bc4 Kc6 43. Bf7 Kd6 44. Bc4 Be3 45. Bf7 Ke7 46. Bc4 Kf8
47. Kd1 Kg7 48. Ke2 Bd4 49. Bc1 b3 50. Bd2 b2 51. Ba2 Nb3 52. Kd1 Bf2 53. Bc3
Nc1 54. Bb1 Bd4 55. Be1 g5 56. Bd2 Nb3 57. Be1 Nc5 58. Bd2 Ne6 59. Kc2 Bf2 60.
Kxb2 Nd4 61. Bd3 Nxf3 62. Bb4 Bb6 63. Kb3 Nd4+ 64. Kc4 Ne6 65. Bf1 Bd4 66. Ba3
Kf7 67. Bb4 Ke8 68. Ba3 Kd7 69. Bb4 Bb6 70. Kd5 Nf4+ 71. Kc4 Bd8 72. Bc5 Be7
73. Be3 Ne6 74. Kb5 Kd6 75. Bd3 Bd8 76. Bf1 Nc7+ 77. Kc4 Kc6 78. Bc5 Ne6 79.
Bb4 Nf4 80. Bc5 Ng6 81. Bb4 Be7 82. Ba5 Nf4 83. Bd2 Ne6 84. Ba5 Ng7 85. Bd2 Ne8
86. Bd3 Nd6+ 87. Kb3 Nb7 88. Kc4 Bc5 89. Bf1 Nd6+ 90. Kd3 Kb5 91. Be2 Bd4 92.
Bc1 Kb4 93. Bd2+ Kc5 94. Ba5 Nb7 95. Bd2 Kb5 96. Bf3 Nc5+ 97. Kc2 Ka4 98. Be1
Be3 99. Bc3 Ne6 100. Bg2 Bc5 101. Bd2 Nd4+ 102. Kd3 Kb3 103. Ba5 Bb4 104. Bb6
Ne6 105. Be3 Bc5 106. Bd2 Bd4 107. Bc1 Nc5+ 108. Ke2 Kc2 109. Ba3 Nd7 110. Be7
Bc5 111. Bd8 Kc3 112. Kd1 1/2-1/2

[Event "Jiraskuv memorial - GM"]
[Site "Rakovnik"]
[Date "2011.08.07"]
[Round "3.4"]
[White "Vojta, Tomas"]
[Black "Cernousek, Lukas"]
[Result "1/2-1/2"]
[WhiteElo "2368"]
[BlackElo "2424"]
[PlyCount "48"]
[EventDate "2011.08.??"]
[EventType "tourn"]
[EventRounds "9"]
[EventCountry "CZE"]
[SourceDate "2011.08.07"]

1. e4 c5 2. f4 g6 3. Nf3 Bg7 4. Nc3 d6 5. Bc4 Nc6 6. O-O Nf6 7. d3 O-O 8. Qe1
Nd4 9. Bb3 a5 10. Qh4 Bd7 11. f5 a4 12. Bc4 b5 13. Bd5 Rb8 14. fxg6 e6 15. Nxd4
cxd4 16. Rxf6 fxg6 17. Rxf8+ Qxf8 18. Bxe6+ Bxe6 19. Nd5 Bxd5 20. exd5 Qf7 21.
Bf4 Re8 22. Rf1 Qxd5 23. a3 h5 24. Qg5 Qxg5 1/2-1/2

[Event "Jiraskuv memorial - GM"]
[Site "Rakovnik"]
[Date "2011.08.08"]
[Round "4.5"]
[White "Neuman, Petr"]
[Black "Pacher, Milan"]
[Result "1/2-1/2"]
[WhiteElo "2454"]
[BlackElo "2408"]
[PlyCount "76"]
[EventDate "2011.08.??"]
[EventType "tourn"]
[EventRounds "9"]
[EventCountry "CZE"]
[SourceDate "2011.08.07"]

1. c4 Nf6 2. Nc3 e5 3. e3 Bb4 4. Nge2 O-O 5. a3 Bxc3 6. Nxc3 d5 7. cxd5 Nxd5 8.
Qc2 Nb6 9. d3 a5 10. b3 Be6 11. Be2 Na6 12. Rb1 Qe7 13. O-O Rfd8 14. Bb2 f6 15.
Ne4 Rd5 16. Nd2 Rad8 17. Nc4 Nxc4 18. bxc4 R5d7 19. d4 exd4 20. exd4 Bf5 21.
Qxf5 Qxe2 22. Rfc1 b6 23. Qb5 Nc5 24. Re1 Qd3 25. Ba1 Ne4 26. Rbd1 Qc2 27. Qb2
Qxb2 28. Bxb2 Nd6 29. Rc1 b5 30. cxb5 Nxb5 31. Rc5 Rd5 32. Rec1 Rxc5 33. Rxc5
Nxd4 34. Bxd4 Rxd4 35. Kf1 a4 36. Ke2 Rd8 37. Rxc7 Rb8 38. Ra7 Rb2+ 1/2-1/2

[Event "Jiraskuv memorial - GM"]
[Site "Rakovnik"]
[Date "2011.08.08"]
[Round "4.3"]
[White "Cvek, Robert"]
[Black "Vojta, Tomas"]
[Result "1-0"]
[WhiteElo "2506"]
[BlackElo "2368"]
[PlyCount "91"]
[EventDate "2011.08.??"]
[EventType "tourn"]
[EventRounds "9"]
[EventCountry "CZE"]
[SourceDate "2011.08.07"]

1. c4 Nc6 2. g3 e5 3. Bg2 g6 4. Nc3 Bg7 5. e4 d6 6. Nge2 Be6 7. Nd5 Qd7 8. d3
f5 9. exf5 Bxf5 10. Be3 Nf6 11. Nxf6+ Bxf6 12. Nc3 O-O 13. O-O Bg7 14. Nd5 Nd4
15. Bxd4 exd4 16. Re1 Rae8 17. Qd2 c6 18. Nb4 Rxe1+ 19. Rxe1 Re8 20. Nc2 Re5
21. Rxe5 dxe5 22. Ne1 h6 23. Be4 Kh7 24. Qe2 Bf6 25. h4 Kg7 26. Nf3 Bg4 27. Qe1
Bxf3 28. Bxf3 h5 29. Qa5 a6 30. Be4 Qe7 31. b4 Qd8 32. Qc5 Qc7 33. Qa7 Be7 34.
c5 Qc8 35. a4 Bd8 36. b5 axb5 37. axb5 cxb5 38. c6 Bc7 39. cxb7 Qe8 40. Qc5 Qd7
41. Bc6 Qd6 42. Qxb5 Kf6 43. Be4 Kg7 44. Qe8 Kh7 45. Qf7+ Kh6 46. Qg8 1-0

[Event "Jiraskuv memorial - GM"]
[Site "Rakovnik"]
[Date "2011.08.08"]
[Round "4.2"]
[White "Cernousek, Lukas"]
[Black "Cyborowski, Lukasz"]
[Result "1/2-1/2"]
[WhiteElo "2424"]
[BlackElo "2537"]
[PlyCount "51"]
[EventDate "2011.08.??"]
[EventType "tourn"]
[EventRounds "9"]
[EventCountry "CZE"]
[SourceDate "2011.08.07"]

1. d4 Nf6 2. c4 g6 3. Nc3 Bg7 4. g3 O-O 5. Bg2 c5 6. d5 d6 7. Nf3 e6 8. O-O
exd5 9. cxd5 a6 10. a4 Re8 11. Bf4 Qc7 12. Qd2 Nbd7 13. h3 Ne4 14. Nxe4 Rxe4
15. Rfc1 Nf6 16. b4 Nh5 17. Ra2 b6 18. a5 Nxf4 19. gxf4 Qd8 20. bxc5 bxc5 21.
Rb1 Bd7 22. e3 Rb8 23. Rxb8 Qxb8 24. Ne5 Ra4 25. Rxa4 Bxa4 26. Nc4 1/2-1/2

[Event "Jiraskuv memorial - GM"]
[Site "Rakovnik"]
[Date "2011.08.08"]
[Round "4.1"]
[White "Cech, Pavel"]
[Black "Wasserbauer, Radek"]
[Result "1-0"]
[WhiteElo "2377"]
[BlackElo "2145"]
[PlyCount "91"]
[EventDate "2011.08.??"]
[EventType "tourn"]
[EventRounds "9"]
[EventCountry "CZE"]
[SourceDate "2011.08.07"]

1. d4 d5 2. c4 e6 3. Nc3 Nf6 4. Bg5 Be7 5. Nf3 O-O 6. e3 h6 7. Bh4 Ne4 8. Bxe7
Qxe7 9. Rc1 c6 10. Bd3 f5 11. O-O Nd7 12. Qe2 Ndf6 13. Ne5 Nxc3 14. bxc3 Qd6
15. c5 Qc7 16. c4 Bd7 17. Qc2 Rae8 18. cxd5 cxd5 19. h3 Bc6 20. Rb1 Nd7 21. f4
Nxe5 22. fxe5 Rb8 23. Rb2 Rfc8 24. Qc1 Qe7 25. Qe1 Qd8 26. g4 fxg4 27. Qg3 Qg5
28. h4 Qe7 29. Qxg4 Rf8 30. Rf4 Rxf4 31. exf4 Qf7 32. f5 exf5 33. Bxf5 Kh8 34.
Rf2 Rf8 35. e6 Qf6 36. Qg6 Qxg6+ 37. Bxg6 Rb8 38. e7 Kg8 39. Bf7+ Kh7 40. Bxd5
Re8 41. Bxc6 bxc6 42. Re2 Kg6 43. d5 cxd5 44. c6 Kf7 45. c7 g5 46. Rf2+ 1-0

[Event "Jiraskuv memorial - GM"]
[Site "Rakovnik"]
[Date "2011.08.08"]
[Round "4.4"]
[White "Sergeev, Vladimir"]
[Black "Palek, Miroslav"]
[Result "1-0"]
[WhiteElo "2522"]
[BlackElo "2211"]
[PlyCount "49"]
[EventDate "2011.08.??"]
[EventType "tourn"]
[EventRounds "9"]
[EventCountry "CZE"]
[SourceDate "2011.08.07"]

1. Nc3 e5 2. Nf3 Nc6 3. e4 Nf6 4. g3 d5 5. exd5 Nxd5 6. Bg2 Be6 7. O-O Be7 8.
Re1 Bf6 9. Nxd5 Bxd5 10. d4 Bxf3 11. Qxf3 O-O 12. dxe5 Bxe5 13. Qb3 Rb8 14. c3
Bd6 15. Be3 Na5 16. Qa4 b6 17. Rad1 Qe8 18. Qc2 Qb5 19. Be4 g6 20. b3 Rfd8 21.
c4 Qb4 22. Bd2 Qa3 23. b4 Nb7 24. Re3 Bxb4 25. Rxa3 1-0

[Event "Jiraskuv memorial - GM"]
[Site "Rakovnik"]
[Date "2011.08.08"]
[Round "1.2"]
[White "Neuman, Petr"]
[Black "Cvek, Robert"]
[Result "1/2-1/2"]
[WhiteElo "2454"]
[BlackElo "2506"]
[PlyCount "41"]
[EventDate "2011.08.??"]
[EventType "tourn"]
[EventRounds "9"]
[EventCountry "CZE"]
[SourceDate "2011.08.07"]

1. d4 d5 2. Nc3 Nf6 3. Bg5 c5 4. Bxf6 gxf6 5. e3 e6 6. Qh5 Nc6 7. O-O-O cxd4 8.
exd4 f5 9. Nf3 Bd7 10. h3 Bb4 11. Ne2 Qf6 12. c3 Bd6 13. Qh4 Qxh4 14. Nxh4 Ne7
15. Nf3 Bb5 16. Kb1 Bxe2 17. Bxe2 a6 18. Nh4 Ng6 19. Nxg6 hxg6 20. c4 dxc4 21.
Bxc4 1/2-1/2

[Event "Jiraskuv memorial - GM"]
[Site "Rakovnik"]
[Date "2011.08.09"]
[Round "5.3"]
[White "Vojta, Tomas"]
[Black "Sergeev, Vladimir"]
[Result "0-1"]
[WhiteElo "2368"]
[BlackElo "2522"]
[PlyCount "92"]
[EventDate "2011.08.??"]
[EventType "tourn"]
[EventRounds "9"]
[EventCountry "CZE"]
[SourceDate "2011.08.07"]

1. e4 c5 2. Nc3 a6 3. a4 Nc6 4. f4 e6 5. Nf3 Nge7 6. d3 d5 7. g3 dxe4 8. dxe4
Nd4 9. Bg2 Nec6 10. O-O Nb4 11. Nxd4 cxd4 12. Na2 Nxa2 13. Rxa2 Bc5 14. f5 e5
15. Kh1 f6 16. Qh5+ Ke7 17. c3 Qg8 18. Ra1 dxc3 19. bxc3 Bd7 20. Qe2 Qf7 21.
Rb1 Bc6 22. Bf3 Rhd8 23. Bh5 Qg8 24. Bf3 Rd7 25. g4 h6 26. h4 Rad8 27. c4 Bxa4
28. Be3 Bxe3 29. Qxe3 Bc6 30. Qc5+ Ke8 31. g5 Rd3 32. Rb6 R8d6 33. gxf6 gxf6
34. Rg1 Qf7 35. Rg6 Kd7 36. Qg1 Qxc4 37. Rg8 Kc7 38. Rb1 Qd4 39. Qg7+ Rd7 40.
Qf8 Rd8 41. Rg7+ Kb8 42. Qe7 Rd7 43. Qf8+ Ka7 44. Rxd7 Bxd7 45. Bg2 Bc6 46. Qe7
Qf2 0-1

[Event "Jiraskuv memorial - GM"]
[Site "Rakovnik"]
[Date "2011.08.09"]
[Round "5.4"]
[White "Cyborowski, Lukasz"]
[Black "Cvek, Robert"]
[Result "1/2-1/2"]
[WhiteElo "2537"]
[BlackElo "2506"]
[PlyCount "27"]
[EventDate "2011.08.??"]
[EventType "tourn"]
[EventRounds "9"]
[EventCountry "CZE"]
[SourceDate "2011.08.07"]

1. d4 Nf6 2. c4 e6 3. g3 d5 4. Nf3 Nbd7 5. Qc2 dxc4 6. Qxc4 c5 7. Bg2 a6 8.
dxc5 Bxc5 9. Qd3 O-O 10. O-O Qe7 11. Nc3 b5 12. Ng5 Ne5 13. Qc2 Bb7 14. Nce4
1/2-1/2

[Event "Jiraskuv memorial - GM"]
[Site "Rakovnik"]
[Date "2011.08.09"]
[Round "5.2"]
[White "Palek, Miroslav"]
[Black "Neuman, Petr"]
[Result "0-1"]
[WhiteElo "2211"]
[BlackElo "2454"]
[PlyCount "62"]
[EventDate "2011.08.??"]
[EventType "tourn"]
[EventRounds "9"]
[EventCountry "CZE"]
[SourceDate "2011.08.07"]

1. e4 d6 2. Nf3 Nf6 3. Nc3 e5 4. d4 Nbd7 5. Bc4 Be7 6. O-O O-O 7. a4 c6 8. Re1
b6 9. d5 cxd5 10. Nxd5 Bb7 11. b3 Rc8 12. Re2 Nc5 13. Nxf6+ Bxf6 14. Bd5 Qd7
15. Ba3 Bxd5 16. Qxd5 Rfd8 17. Rd1 Ne6 18. g3 Nf4 19. Qd2 Nxe2+ 20. Qxe2 Qe6
21. c4 Be7 22. Rd5 g6 23. Nd2 f5 24. f3 Rf8 25. Nf1 Rf7 26. Rd1 Rcf8 27. Ne3
fxe4 28. fxe4 Qh3 29. Rf1 Rxf1+ 30. Nxf1 Bg5 31. Bxd6 Rxf1+ 0-1

[Event "Jiraskuv memorial - GM"]
[Site "Rakovnik"]
[Date "2011.08.09"]
[Round "5.1"]
[White "Pacher, Milan"]
[Black "Cech, Pavel"]
[Result "1/2-1/2"]
[WhiteElo "2408"]
[BlackElo "2377"]
[PlyCount "87"]
[EventDate "2011.08.??"]
[EventType "tourn"]
[EventRounds "9"]
[EventCountry "CZE"]
[SourceDate "2011.08.07"]

1. d4 d5 2. c4 c6 3. Nf3 Nf6 4. e3 Bf5 5. Nc3 e6 6. Nh4 Bg6 7. Nxg6 hxg6 8. Bd2
Nbd7 9. Rc1 Bd6 10. h3 a6 11. Bd3 dxc4 12. Bxc4 b5 13. Bd3 c5 14. Ne4 Nxe4 15.
Bxe4 Rc8 16. Bb7 Rb8 17. dxc5 Nxc5 18. Bc6+ Ke7 19. Bc3 Rc8 20. b4 Rxc6 21.
bxc5 Rxc5 22. O-O f6 23. Bd4 Rxc1 24. Qxc1 Qc7 25. Qb1 Kf7 26. Rc1 Qb7 27. Qc2
Rb8 28. f4 a5 29. Qd2 Qd5 30. Rc2 b4 31. Qc1 a4 32. Rd2 Qe4 33. Ba7 Rb7 34.
Rxd6 Rxa7 35. Qc5 Re7 36. Kf2 Qb1 37. Rd8 Qxa2+ 38. Kg3 Qb2 39. Qc8 g5 40. Rh8
gxf4+ 41. Kf3 Kg6 42. Qg8 e5 43. Qh7+ Kf7 44. Qg8+ 1/2-1/2

[Event "Jiraskuv memorial - GM"]
[Site "Rakovnik"]
[Date "2011.08.09"]
[Round "5.5"]
[White "Wasserbauer, Radek"]
[Black "Cernousek, Lukas"]
[Result "1/2-1/2"]
[WhiteElo "2145"]
[BlackElo "2424"]
[PlyCount "65"]
[EventDate "2011.08.??"]
[EventType "tourn"]
[EventRounds "9"]
[EventCountry "CZE"]
[SourceDate "2011.08.07"]

1. e4 c5 2. c3 d5 3. exd5 Qxd5 4. d4 g6 5. dxc5 Qxc5 6. Be3 Qc7 7. Nf3 Bg7 8.
Be2 Nc6 9. O-O Nh6 10. Na3 Nf5 11. Nb5 Qb8 12. Qc1 O-O 13. Rd1 Nxe3 14. Qxe3 a6
15. Na3 b5 16. Rd2 Qa7 17. Nc2 Qxe3 18. Nxe3 Rd8 19. Rxd8+ Nxd8 20. Nd5 Bb7 21.
Rd1 Nc6 22. a4 bxa4 23. Nb6 Rd8 24. Nxa4 Rxd1+ 25. Bxd1 e5 26. Nc5 Bc8 27. Be2
a5 28. Bb5 Ne7 29. Nb3 e4 30. Nfd2 f5 31. Nxa5 Kf7 32. Kf1 g5 33. Bc4+ 1/2-1/2

[Event "Jiraskuv memorial - GM"]
[Site "Rakovnik"]
[Date "2011.08.10"]
[Round "6.2"]
[White "Cvek, Robert"]
[Black "Wasserbauer, Radek"]
[Result "1-0"]
[WhiteElo "2506"]
[BlackElo "2145"]
[PlyCount "45"]
[EventDate "2011.08.??"]
[EventType "tourn"]
[EventRounds "9"]
[EventCountry "CZE"]
[SourceDate "2011.08.07"]

1. Nf3 b5 2. c3 Nf6 3. a4 bxa4 4. Qxa4 Bb7 5. g3 e6 6. Bg2 Be7 7. O-O O-O 8. d4
d6 9. c4 Nbd7 10. Nc3 c5 11. dxc5 Nxc5 12. Qc2 Qb6 13. Be3 Rfc8 14. b4 Qxb4 15.
Rfb1 Qxc4 16. Nd2 Qg4 17. Bxb7 Nxb7 18. Rxb7 Nd5 19. Qe4 Nxe3 20. Rxe7 Qg5 21.
Rexa7 Rxa7 22. Rxa7 Qc5 23. Qxe3 1-0

[Event "Jiraskuv memorial - GM"]
[Site "Rakovnik"]
[Date "2011.08.10"]
[Round "6.5"]
[White "Pacher, Milan"]
[Black "Palek, Miroslav"]
[Result "1/2-1/2"]
[WhiteElo "2408"]
[BlackElo "2211"]
[PlyCount "109"]
[EventDate "2011.08.??"]
[EventType "tourn"]
[EventRounds "9"]
[EventCountry "CZE"]
[SourceDate "2011.08.07"]

1. d4 e6 2. e4 d5 3. Nc3 dxe4 4. Nxe4 Nd7 5. Nf3 Ngf6 6. Nxf6+ Nxf6 7. c3 Be7
8. Bd3 O-O 9. Bg5 c5 10. dxc5 Qc7 11. Qe2 Qxc5 12. O-O-O h6 13. h4 Rd8 14. Ne5
b5 15. Bxf6 Bxf6 16. Ng4 Bb7 17. Nxf6+ gxf6 18. Rh3 b4 19. Qd2 Kf8 20. Qxh6+
Ke7 21. Qe3 Qxe3+ 22. Rxe3 bxc3 23. bxc3 Bxg2 24. Be4 Rxd1+ 25. Kxd1 Rd8+ 26.
Ke2 Bxe4 27. Rxe4 Rd5 28. Ra4 a5 29. Rc4 f5 30. a4 Kf6 31. f3 Kg6 32. Rc7 f4
33. c4 Rd4 34. Rc5 f6 35. Rxa5 Rxc4 36. Ra8 e5 37. a5 Ra4 38. a6 f5 39. h5+ Kg7
40. Ra7+ Kh6 41. Rf7 Kxh5 42. Rxf5+ Kh4 43. Rxe5 Rxa6 44. Re8 Ra2+ 45. Kf1 Kg3
46. Rf8 Kxf3 47. Kg1 Ra3 48. Rf7 Ra1+ 49. Kh2 Re1 50. Rf8 Re4 51. Kg1 Ke2 52.
Kg2 Ke3 53. Ra8 Re5 54. Ra3+ Ke4 55. Kf2 1/2-1/2